| 000 | 00739nam a2200277Ia 4500 | ||
|---|---|---|---|
| 005 | 20260324111613.0 | ||
| 008 | 008 260324s9999 xx 000 0 eng d | ||
| 020 | _a9781003641551 | ||
| 037 | _aEBOOK | ||
| 040 | _aCRL | ||
| 040 | _beng | ||
| 040 | _cCRL | ||
| 041 | _2eng | ||
| 041 | _aeng | ||
| 084 | _qCRL | ||
| 100 |
_aShashi Kant Dargar; Shilpi Birla; Abha Dargar; Avtar Singh; D. Ganeshaperumal _91139253 |
||
| 245 | 0 | _aSustainable Materials and Technologies in VLSI and Information Processing | |
| 260 | _bTaylor and Francis | ||
| 260 | _c2025 | ||
| 365 | _a | ||
| 365 | _b355 | ||
| 856 | _uhttp://www.taylorfrancis.com/books/9781003641551 | ||
| 942 | _cEBOOK | ||
| 999 |
_c1728132 _d1728132 |
||